| 000 | 00712cam a22002413a 4500 | ||
|---|---|---|---|
| 001 | 13861 | ||
| 003 | PGUSA | ||
| 005 | 20140828083310.0 | ||
| 008 | 041025s2004||||xxu|||||s|||||000 1 eng d | ||
| 040 |
_aPGUSA _beng |
||
| 042 | _adc | ||
| 050 | 4 | _aPQ | |
| 100 | 1 |
_aConstant, Benjamin, _d1767-1830 |
|
| 245 | 1 | 0 |
_aAdolphe _h[electronic resource] / _cBenjamin Constant |
| 260 |
_bProject Gutenberg, _c2004 |
||
| 506 | _aPublic domain in the USA. | ||
| 516 | _aElectronic text | ||
| 653 | _aCommitment (Psychology) -- Fiction | ||
| 653 | _aFrance -- Social life and customs -- 19th century -- Fiction | ||
| 830 | 0 |
_aProject Gutenberg _v13861 |
|
| 856 | 4 | 0 | _uhttp://www.gutenberg.org/ebooks/13861 |
| 942 | _cEB | ||
| 999 |
_c243116 _d243116 |
||